00909nam a2200229 a 450000100100000000500170001000800410002702000150006804000250008308200180010824501580012626001010028430000210038549000290040650000380043550000240047365000130049765000220051065000240053265000340055671000890059000002426420200930022847.0110125s2001 mx r 000 | spa d a9685087334 aDO-SdBNPbspacBNPHU a255.53bC733c00aCaracterísticas de la educación de la Compañía de Jesús /cComisión Internacional para el Apostolado Educativo de la Compañía de Jesús. aMéxico, D. F. :bInstituto Tecnológico y de Estudios Superiores de Occidente (ITESO),c2001. a110 p. ;a22 cm.1 aPedagogía Ignacianav1 aIncluye notas al pie de páginas aIncluye apéndices 4aJesuitas 4aJesuitaxHistoria 4aMisiones jesuiticas 4aEducaciónzAmérica Latina2 aComisión Internacional para el Apostolado Educativo de la Compañía de Jesús.